The Practices of a healthy church : (Record no. 7584)
[ view plain ]
| 000 -LEADER | |
|---|---|
| fixed length control field | 00686nam a22002052 4500 |
| 001 - CONTROL NUMBER | |
| control field | 0000008468 |
| 005 - DATE AND TIME OF LATEST TRANSACTION | |
| control field | 20151217152034.0 |
| 008 - FIXED-LENGTH DATA ELEMENTS--GENERAL INFORMATION | |
| fixed length control field | 080415s xx 000 0 eng d |
| 020 ## - INTERNATIONAL STANDARD BOOK NUMBER | |
| International Standard Book Number | 0875523900 : |
| Terms of availability | KES 700 |
| 040 ## - CATALOGING SOURCE | |
| Original cataloging agency | KABU |
| Transcribing agency | KABU |
| 100 1# - MAIN ENTRY--PERSONAL NAME | |
| Personal name | MacNair, Donald J. |
| -- | 0000159051 |
| 245 14 - TITLE STATEMENT | |
| Title | The Practices of a healthy church : |
| Remainder of title | Biblical strategies for vibrant church life and ministry / |
| Statement of responsibility, etc. | Donald J. MacNair with Esther L. Meek. |
| 260 ## - PUBLICATION, DISTRIBUTION, ETC. (IMPRINT) | |
| Place of publication, distribution, etc. | Phillipsburg, NJ. : |
| Name of publisher, distributor, etc. | P&R, |
| Date of publication, distribution, etc. | 1999. |
| 300 ## - PHYSICAL DESCRIPTION | |
| Extent | xv, 253 p. |
| 650 #0 - SUBJECT ADDED ENTRY--TOPICAL TERM | |
| Topical term or geographic name as entry element | Church growth. |
| -- | 0000159052 |
| 700 1# - ADDED ENTRY--PERSONAL NAME | |
| Personal name | Meek, Esther L. |
| -- | 0000159053 |
| 908 ## - PUT COMMAND PARAMETER (RLIN) | |
| Put command parameter | 080415 |
| 950 ## - LOCAL HOLDINGS (RLIN) | |
| -- | 1 |
| Withdrawn status | Lost status | Source of classification or shelving scheme | Not for loan | Home library | Current library | Date acquired | Total Checkouts | Full call number | Barcode | Date last seen | Price effective from | Koha item type |
|---|---|---|---|---|---|---|---|---|---|---|---|---|
| Library of Congress Classification | Kabarak, Main Campus | Kabarak, Main Campus | 17/12/2015 | BV652.25 .M33 | 005874 | 02/08/2024 | 17/12/2015 | General Collection |